Statystyki dla Pozostałe rodzaje ssaków (czytaj opis)

Kliknij tutaj aby rozwiązać quiz!

Ogólne statystyki

  • Ten quiz został rozwiązany 52 razy
  • Średni wynik to 12 z 245

Statystyki odpowiedzi

Rodzaj% Poprawnych
Kangur
73%
Słoń
71%
Nosorożec
65%
Jeż
59%
Delfin
57%
Koala
55%
Zając
55%
Koń (osioł, zebra, kułan, kiang)
53%
Królik
51%
Dziobak
49%
Ryjówka
45%
Wal
43%
Płetwal
39%
Pancernik
35%
Mrówkojad
33%
Waleń
29%
Orka
29%
Kolczatka
27%
Kret
22%
Tapir
18%
Narwal
12%
Łuskowiec
12%
Morświn
12%
Góralek
12%
Butlonos
10%
Kaszalot
10%
Lotopałanka
10%
Opos
10%
Mrównik
8%
Wombat
8%
Dydelf
8%
Manat
8%
Inia
6%
Leniwiec
6%
Białucha
6%
Długopłetwiec
6%
Króliczek
4%
Rzęsorek
4%
Zębiełek
4%
Mrówkożer
4%
Delfinek
4%
Walabia
4%
Japok
4%
Zajączek
4%
Pademelon
4%
Mrówkojadek
4%
Diabeł
4%
Diugoń
4%
Ryjkonos
4%
Tamandua
2%
Chinojeż
2%
Stepojeż
2%
Afrojeż
2%
Lotokot
2%
Almik
2%
Stepogóralek
2%
Dydelfik
2%
Oreczka
2%
Tonin
2%
Arbogóralek
2%
Złotokret
2%
Ryjóweczka
2%
Królak
2%
Oposek
2%
Gwiazdonos
2%
Morświnek
2%
Myszowór
2%
Zajęczak
2%
Króliczak
2%
Assamczak
2%
Piaskojeż
2%
Pięciozębik
2%
Afrokrólik
2%
Skaliczek
2%
Kangurzak
0%
Dziuplówka
0%
Kanguroszczurnik
0%
Kanguroszczur
0%
Filanderek
0%
Kanguroszczurek
0%
Akrobatka
0%
Złotokretnik
0%
Ostronóg
0%
Pałanka
0%
Wombatowiec
0%
Drzewnica
0%
Pałaneczka
0%
Kitanka
0%
Kusanka
0%
Kuskusiec
0%
Kuskusek
0%
Kuskus
0%
Lotopałanik
0%
Leworek
0%
Wolatucha
0%
Kangurowiec
0%
Wolatuszka
0%
Pseudopałanka
0%
Skałopałanka
0%
Nibypałanka
0%
Palcownik
0%
Drzewiak
0%
Wydrówka
0%
Kangurnik
0%
Niełazik
0%
Kretowór
0%
Mulgara
0%
Kaluta
0%
Kowari
0%
Niełaz
0%
Szczurołaz
0%
Górołaz
0%
Sorkołaz
0%
Ryjkołaz
0%
Chutliwiec
0%
Seramczyk
0%
Myszołaz (stokołaz, czarnogon, długonos, myszołazek)
0%
Kultar
0%
Nocołazik
0%
Grubogonik
0%
Ryjowniczka
0%
Zbójnik
0%
Rozbójnik
0%
Zbójek
0%
Torbik
0%
Prakolczatka
0%
Wielkouch
0%
Jamrajek
0%
Filander
0%
Oposik
0%
Tenreczek
0%
Pazurogon
0%
Skalniak
0%
Kuoka
0%
Wełnoopos
0%
Pręgoopos
0%
Glironia
0%
Mikrooposik
0%
Skrytek
0%
Opośnik
0%
Torbokolec
0%
Zyfia
0%
Oposulek
0%
Oposowiec
0%
Opośniczek
0%
Monodelf
0%
Tłustogonek
0%
Myszoopos
0%
Krótkonos
0%
Jamraj
0%
Torboszczur
0%
Ryżorek
0%
Delfinowiec
0%
Tasmanowal
0%
Sornik
0%
Tenrekowiec
0%
Tenreczynek
0%
Anatana
0%
Dendrogal
0%
Tupaja
0%
Nadrzewnica
0%
Ogonopiór
0%
Soreczek
0%
Ryjownik
0%
Bolita
0%
Ruwenzorek
0%
Herosek
0%
Pazurozębiełek
0%
Ryjówek
0%
Lasoryjek
0%
Kongoryjek
0%
Myszoryjek
0%
Głuchoryjek
0%
Krecikówka
0%
Szczekuszka
0%
Zębolita
0%
Blarina
0%
Szczurojeż
0%
Złotoślepiec
0%
Skrytokret
0%
Złotokretowiec
0%
Złotokrecik
0%
Złotokrecinek
0%
Tłustokrecik
0%
Gołyszek
0%
Tenrek
0%
Ryjoskoczek
0%
Kabassu
0%
Długoszek
0%
Sorkonos
0%
Jeżokret
0%
Leniuchowiec
0%
Puklerzowiec
0%
Włosopuklerznik
0%
Puklerzniczek
0%
Puklerznik
0%
Puklerzyk
0%
Blarynka
0%
Skrytouszka
0%
Dziobowal
0%
Sotalia
0%
Fereza
0%
Grindwal
0%
RIsso
0%
Delfiniak
0%
Żółtokret
0%
Delfiniec
0%
Melonogłów
0%
Szablogrzbiet
0%
Garbogrzbiet
0%
Pływacz
0%
Steno
0%
Morświniec
0%
Kogia
0%
Suzu
0%
Baji
0%
Tonina
0%
Dziobogłowiec
0%
Butlogłów
0%
Tropikowal
0%
Tenrecznik
0%
Walenik
0%
Wodosorek
0%
Kretnik
0%
Chinosorek
0%
Wodoryjek
0%
Wysposorek
0%
Ryjóweczek
0%
Wielkosorek
0%
Sorek
0%
Kopacz
0%
Grzebacz
0%
Kretniczek
0%
Desman
0%
Wodniczek
0%
Wychuchol
0%
Azjokret
0%
Kretowiec
0%
Kretowczyk
0%
Piżmokret
0%
Ryjokret
0%
Górokret
0%
Sorkokret
0%
Wodnica
0%
Uszorek
0%

Rozkład punktacji

Percentyl według liczby udzielonych odpowiedzi

Procent ludzi z każdym wynikiem

Twoja historia wyników

Nie rozwiązałeś tego quizu